[Event "Tseshkovsky Mem 2014"]
[Site "Sochi RUS"]
[Date "2014.09.22"]
[Round "6.12"]
[White "Gorbatov, Alexej"]
[Black "Ehlvest, Jaan"]
[Result "1-0"]
[WhiteTitle "IM"]
[BlackTitle "GM"]
[WhiteElo "2355"]
[BlackElo "2553"]
[WhiteFideId "4111834"]
[BlackFideId "4500016"]
[EventDate "2014.09.17"]

1. d4 Nf6 2. Nf3 e6 3. g3 c5 4. c4 d5 5. Bg2 Nc6 6. O-O Be7 7. cxd5 exd5 8. Nc3
O-O 9. Bf4 c4 10. Ne5 Be6 11. Nxc4 dxc4 12. d5 Nxd5 13. Nxd5 Bf6 14. Bc7 Qd7 15.
Nxf6+ gxf6 16. Qxd7 Bxd7 17. Rfd1 Be6 18. Bxc6 bxc6 19. Ba5 f5 20. Rd6 Bd5 21.
Rf6 Be6 22. f3 Rfd8 23. Bc3 Rd5 24. Kf2 Rad8 25. h3 R8d6 26. g4 Bc8 27. Rxd6
Rxd6 28. gxf5 Bxf5 29. e4 Bxh3 30. Rh1 Bd7 31. Rg1+ Rg6 32. Rd1 Be8 33. Rd8 Re6
34. Ra8 h5 35. Kg3 Kh7 36. Kh4 Kg6 37. Rxa7 c5 38. a4 Bc6 39. a5 Bb5 40. Rb7 Ba6
41. Rc7 Re8 42. Rxc5 1-0

[Event "Tseshkovsky Mem 2014"]
[Site "Sochi RUS"]
[Date "2014.09.22"]
[Round "6.13"]
[White "Shaposhnikov, Evgeny"]
[Black "Nechaev, Oleg"]
[Result "1-0"]
[WhiteTitle "GM"]
[WhiteElo "2536"]
[BlackElo "2329"]
[WhiteFideId "4122232"]
[BlackFideId "24113409"]
[EventDate "2014.09.17"]

1. Nf3 c5 2. e4 Nc6 3. Bb5 g6 4. O-O Bg7 5. Bxc6 dxc6 6. d3 b6 7. h3 Nf6 8. Nc3
O-O 9. Bf4 Ne8 10. Qd2 a5 11. Bh6 f6 12. a3 e5 13. Bxg7 Nxg7 14. Ne2 Ne6 15. b4
Ra7 16. bxc5 Nxc5 17. Rab1 Rg7 18. Qe3 Qc7 19. Nd2 Na4 20. d4 Be6 21. f4 exd4
22. Nxd4 Ba2 23. Ra1 Bf7 24. e5 fxe5 25. fxe5 Nc5 26. e6 Nxe6 27. Nxe6 Qe7 28.
Rae1 Re8 29. Ne4 1-0

[Event "Tseshkovsky Mem 2014"]
[Site "Sochi RUS"]
[Date "2014.09.22"]
[Round "6.14"]
[White "Dimitrijevic, Aleksandra"]
[Black "Yakovich, Yuri"]
[Result "1/2-1/2"]
[WhiteTitle "WGM"]
[BlackTitle "GM"]
[WhiteElo "2281"]
[BlackElo "2524"]
[WhiteFideId "929239"]
[BlackFideId "4100654"]
[EventDate "2014.09.17"]

1. d4 Nf6 2. Nf3 d5 3. e3 c5 4. Be2 Nc6 5. O-O cxd4 6. Nxd4 e5 7. Nxc6 bxc6 8.
c4 Bd6 9. Nc3 Bb7 10. b4 O-O 11. c5 Bc7 12. f3 Qe7 13. Qb3 a5 14. b5 Qxc5 15. b6
Qxb6 16. Qxb6 Bxb6 17. Rb1 Nd7 18. Na4 Ba6 19. Nxb6 Nxb6 20. Rxb6 Bxe2 21. Rf2
Bb5 22. Ba3 Rfb8 23. Rxb8+ Rxb8 24. Bd6 Re8 25. a4 Bxa4 26. Ra2 Bb5 27. Rxa5 f6
28. Kf2 h5 29. h4 Kh7 30. Ra7 Kg6 31. Bc5 Rd8 32. Be7 Rc8 33. Bc5 Bc4 34. g4 Rd8
35. gxh5+ Kh6 36. Rc7 Bb5 37. Ra7 d4 38. exd4 exd4 39. Bb4 Rg8 40. Rd7 d3 41.
Kg3 Kxh5 42. f4 Rc8 43. Rxg7 c5 44. f5 Kh6 45. Rg6+ Kh7 46. Bc3 Rg8 47. Rxg8
Kxg8 48. Kf3 Kf7 49. Ke4 c4 50. Kd5 Ba6 51. Bb4 Bc8 52. Kxc4 Bxf5 53. Kd4 Ke6
54. h5 Kf7 55. h6 Kg6 56. Bd2 Kh5 57. Kd5 Kg4 58. Kd4 Kf3 59. Bc1 Bg6 60. Kc3
Ke4 61. Kd2 f5 62. Ke1 Kf3 63. Bg5 f4 64. Bd8 Kg2 65. Bc7 f3 66. Bb6 Kg3 67. Bc5
Kf4 68. Kd2 1/2-1/2

[Event "Tseshkovsky Mem 2014"]
[Site "Sochi RUS"]
[Date "2014.09.22"]
[Round "6.15"]
[White "Demidov, Mikhail"]
[Black "Smirnov, Timofey"]
[Result "1-0"]
[WhiteTitle "IM"]
[WhiteElo "2499"]
[BlackElo "2269"]
[WhiteFideId "4197143"]
[BlackFideId "24176427"]
[EventDate "2014.09.17"]

1. Nc3 e5 2. Nf3 Nc6 3. d4 exd4 4. Nxd4 Nf6 5. Bg5 Be7 6. Nf5 O-O 7. Qd3 Ne8 8.
Nxe7+ Nxe7 9. e4 f6 10. Bd2 d6 11. Qc4+ Kh8 12. Bd3 Ng6 13. f4 f5 14. O-O-O fxe4
15. Bxe4 Nf6 16. Bxg6 hxg6 17. h3 d5 18. Qd4 b6 19. f5 Bxf5 20. Bg5 Qd6 21. Qh4+
Kg8 22. Bxf6 Qxf6 23. Qxf6 gxf6 24. Nxd5 Be4 25. Rhe1 Bxd5 26. Rxd5 Rf7 27. Re6
Kf8 28. Kd2 Re8 29. Rc6 a5 30. a4 Re4 31. b3 Ke8 32. Kd3 Rf4 33. Kc3 g5 34. Rc4
Rf2 35. Rd2 Rxd2 36. Kxd2 Kd7 37. Ke3 Re7+ 38. Re4 Rf7 39. Rd4+ Ke6 40. Rd8 Rh7
41. Re8+ Kd7 42. Re4 Kd6 43. Kf3 f5 44. Re8 Rg7 45. g4 f4 46. h4 gxh4 47. Rh8
Ke5 48. Rxh4 Kd4 49. Rh2 Rf7 50. Re2 Kc3 51. g5 c6 52. g6 Rg7 53. Rg2 b5 54.
Kxf4 bxa4 55. bxa4 Kb4 56. Kf5 Kxa4 57. Kf6 Rg8 58. Kf7 Rc8 59. g7 Kb4 60. g8=Q
Rxg8 61. Rxg8 a4 62. Ra8 c5 63. Ke6 c4 64. Kd5 a3 65. Kd4 1-0

[Event "Tseshkovsky Mem 2014"]
[Site "Sochi RUS"]
[Date "2014.09.22"]
[Round "6.16"]
[White "Rozum, Ivan"]
[Black "Nedochetov, Mikhail"]
[Result "1-0"]
[WhiteTitle "GM"]
[BlackTitle "IM"]
[WhiteElo "2552"]
[BlackElo "2261"]
[WhiteFideId "24104272"]
[BlackFideId "4119673"]
[EventDate "2014.09.17"]

1. d4 d5 2. Nf3 c6 3. e3 Nf6 4. c4 Bg4 5. h3 Bxf3 6. Qxf3 e6 7. Nc3 Nbd7 8. Bd3
Bb4 9. O-O O-O 10. a3 Ba5 11. b4 Bc7 12. cxd5 exd5 13. b5 Nb6 14. a4 Qd6 15. g3
Rfe8 16. a5 Nc4 17. Bxc4 dxc4 18. a6 bxa6 19. bxc6 Qb4 20. e4 1-0

[Event "Tseshkovsky Mem 2014"]
[Site "Sochi RUS"]
[Date "2014.09.22"]
[Round "6.17"]
[White "Travkina, Anastasia"]
[Black "Bryzgalin, Kirill"]
[Result "1/2-1/2"]
[WhiteTitle "WFM"]
[BlackTitle "GM"]
[WhiteElo "2208"]
[BlackElo "2448"]
[WhiteFideId "24129151"]
[BlackFideId "4133285"]
[EventDate "2014.09.17"]

1. e4 e5 2. Nf3 Nc6 3. Bb5 d6 4. d4 exd4 5. Nxd4 Bd7 6. Bxc6 Bxc6 7. Nxc6 bxc6
8. c4 Be7 9. Nc3 Bf6 10. Qd3 Ne7 11. Be3 O-O 12. Rd1 Qc8 13. O-O 1/2-1/2

[Event "Tseshkovsky Mem 2014"]
[Site "Sochi RUS"]
[Date "2014.09.22"]
[Round "6.18"]
[White "Grishchenko, Sergey1"]
[Black "Kondenko, Alexey"]
[Result "1-0"]
[WhiteTitle "IM"]
[WhiteElo "2448"]
[BlackElo "2218"]
[WhiteFideId "4136730"]
[BlackFideId "4117255"]
[EventDate "2014.09.17"]

1. d4 Nf6 2. c4 Nc6 3. Nf3 d6 4. Nc3 Bg4 5. d5 Bxf3 6. exf3 Ne5 7. f4 Ned7 8. g4
g6 9. h4 Bg7 10. h5 O-O 11. hxg6 fxg6 12. Bh3 Nc5 13. Be3 c6 14. Bxc5 dxc5 15.
g5 Nh5 16. Be6+ Kh8 17. f5 Qd6 18. Ne2 Qe5 19. Qc2 cxd5 20. O-O-O gxf5 21. Rxh5
Qxe6 22. Nf4 Qd6 23. Nxd5 Rad8 24. Rdh1 Qe5 25. f4 Qd4 26. Rxh7+ Kg8 27. Nxe7+
Kf7 28. Nxf5 1-0

[Event "Tseshkovsky Mem 2014"]
[Site "Sochi RUS"]
[Date "2014.09.22"]
[Round "6.19"]
[White "Abrekov, Mussa"]
[Black "Simantsev, Mikhail"]
[Result "0-1"]
[BlackTitle "GM"]
[WhiteElo "2237"]
[BlackElo "2443"]
[WhiteFideId "34134740"]
[BlackFideId "14104555"]
[EventDate "2014.09.17"]

1. d4 Nf6 2. Nf3 e6 3. c4 c5 4. d5 exd5 5. cxd5 d6 6. Nc3 g6 7. e4 Bg7 8. Be2
O-O 9. O-O Re8 10. Qc2 Bg4 11. Bf4 a6 12. a4 Qc7 13. Rfe1 Nbd7 14. Rad1 Rab8 15.
h3 Bxf3 16. Bxf3 b5 17. axb5 axb5 18. g4 Ne5 19. Bg2 c4 20. Bg3 Nfd7 21. f4 Nd3
22. Rxd3 cxd3 23. Qxd3 b4 24. Nd1 b3 25. Re2 Qc1 26. Qd2 Bxb2 27. Qxb2 Qxd1+ 28.
Kh2 Qxe2 0-1

[Event "Tseshkovsky Mem 2014"]
[Site "Sochi RUS"]
[Date "2014.09.22"]
[Round "6.20"]
[White "Dmitrenko, Viktor"]
[Black "Bakunts, Rafael"]
[Result "1/2-1/2"]
[WhiteTitle "IM"]
[WhiteElo "2357"]
[BlackElo "2237"]
[WhiteFideId "14110270"]
[BlackFideId "13304097"]
[EventDate "2014.09.17"]

1. d4 Nf6 2. c4 g6 3. Nc3 Bg7 4. e4 d6 5. f3 O-O 6. Be3 Nc6 7. Nge2 a6 8. Qd2
Na5 9. Nc1 Nd7 10. b4 Nc6 11. Rb1 e5 12. d5 Nd4 13. Nb3 Nxb3 14. Rxb3 f5 15. Bd3
Nf6 16. O-O f4 17. Bf2 g5 18. h3 h5 19. Rc1 g4 20. hxg4 hxg4 21. Kf1 Qe8 22. Ke2
Qh5 23. Qe1 Kf7 24. Qh1 1/2-1/2

[Event "Tseshkovsky Mem 2014"]
[Site "Sochi RUS"]
[Date "2014.09.22"]
[Round "6.21"]
[White "Zakharov, Alexander"]
[Black "Birjukov, Sergey"]
[Result "1/2-1/2"]
[WhiteTitle "IM"]
[BlackTitle "FM"]
[WhiteElo "2352"]
[BlackElo "2175"]
[WhiteFideId "4103564"]
[BlackFideId "4106555"]
[EventDate "2014.09.17"]

1. e4 e6 2. d4 d5 3. Nc3 Nf6 4. Bg5 dxe4 5. Nxe4 Nbd7 6. Nf3 Be7 7. Nxf6+ Nxf6
8. Bd3 b6 9. Ne5 Bb7 10. Bb5+ c6 11. Be2 Nd7 12. Bf4 Nxe5 13. Bxe5 f6 14. Bg3 c5
15. dxc5 Bxc5 16. O-O Qxd1 17. Raxd1 Ke7 18. Bb5 Rhd8 19. Bc7 Rd5 20. c4 Rd4 21.
b4 Rxd1 22. Rxd1 Bxb4 23. Rd7+ Kf8 24. Bg3 a6 25. Ba4 Be4 26. f3 Bb1 27. Bb3
Bc5+ 28. Bf2 a5 29. Bxc5+ bxc5 30. Rb7 a4 31. Bxa4 Rxa4 32. Rxb1 Rxc4 33. Rb8+
Kf7 34. Rb7+ Kg6 35. Rc7 f5 36. a4 e5 37. a5 e4 38. fxe4 fxe4 39. a6 e3 40. Kf1
Ra4 41. a7 Ra2 42. Rc6+ Kf7 43. Rxc5 Rxa7 44. Re5 1/2-1/2

[Event "Tseshkovsky Mem 2014"]
[Site "Sochi RUS"]
[Date "2014.09.22"]
[Round "6.22"]
[White "Nakhbayeva, Guliskhan"]
[Black "Palkovich, Denis"]
[Result "1-0"]
[WhiteTitle "WGM"]
[BlackTitle "FM"]
[WhiteElo "2331"]
[BlackElo "2150"]
[WhiteFideId "13704788"]
[BlackFideId "14113260"]
[EventDate "2014.09.17"]

1. d4 d5 2. c4 Nc6 3. Nc3 dxc4 4. Nf3 Bg4 5. d5 Bxf3 6. exf3 Ne5 7. Bf4 Ng6 8.
Bxc4 Nf6 9. Bg3 a6 10. Rc1 Nd7 11. O-O Nge5 12. Qe2 Nxc4 13. Qxc4 Rc8 14. Rfe1
Nb6 15. Qb3 c6 16. Ne4 e6 17. dxe6 f5 18. e7 Bxe7 19. Nd6+ 1-0

[Event "Tseshkovsky Mem 2014"]
[Site "Sochi RUS"]
[Date "2014.09.22"]
[Round "6.23"]
[White "Strutinskaia, Galina"]
[Black "Shandrygin, Nikita"]
[Result "1/2-1/2"]
[WhiteTitle "WGM"]
[WhiteElo "2317"]
[BlackElo "2124"]
[WhiteFideId "4108558"]
[BlackFideId "24198668"]
[EventDate "2014.09.17"]

1. d4 Nf6 2. c4 g6 3. Nc3 d5 4. Bg5 Ne4 5. Bf4 Nxc3 6. bxc3 Bg7 7. Qa4+ Nd7 8.
cxd5 O-O 9. e4 f5 10. Qb3 Kh8 11. e5 Nb6 12. c4 e6 13. Nf3 exd5 14. c5 Nc4 15.
Bxc4 dxc4 16. Qxc4 h6 17. h4 c6 18. O-O Re8 19. Qc1 Kh7 20. a4 Be6 21. Rb1 Rb8
22. Rd1 Re7 23. Bg3 Rd7 24. Qe3 Bf8 25. Bf4 Qa5 26. h5 gxh5 27. Ra1 Qd8 28. Bg5
Qe8 29. Bf6 Qf7 30. a5 a6 31. Qf4 Be7 32. Bxe7 Rxe7 33. d5 cxd5 34. Nd4 Rg8 35.
Qf3 Bc8 36. e6 Bxe6 37. Nxe6 Qxe6 38. Rxd5 Reg7 39. Rad1 Rxg2+ 40. Qxg2 Rxg2+
41. Kxg2 Qe4+ 42. f3 Qe2+ 43. Kg3 h4+ 1/2-1/2

[Event "Tseshkovsky Mem 2014"]
[Site "Sochi RUS"]
[Date "2014.09.22"]
[Round "6.24"]
[White "Kalinin, Nikita"]
[Black "Bukanov, Sergei"]
[Result "0-1"]
[WhiteElo "2149"]
[BlackElo "2317"]
[WhiteFideId "24155390"]
[BlackFideId "4117140"]
[EventDate "2014.09.17"]

1. e4 g6 2. d4 Bg7 3. Nc3 d6 4. Nf3 Bg4 5. Be2 Nc6 6. d5 Bxf3 7. gxf3 Ne5 8. Be3
c5 9. O-O a6 10. f4 Nd7 11. e5 dxe5 12. d6 e6 13. fxe5 Bxe5 14. f4 Bg7 15. Bf3
Nh6 16. Bxb7 Nf5 17. Bf2 Rb8 18. Bc6 Rxb2 19. Na4 O-O 20. Nxb2 Bxb2 21. Rb1 Bd4
22. Qd3 Nf6 23. d7 Nxd7 24. c3 Ne5 25. Qxa6 Bxf2+ 26. Rxf2 Ng4 27. Re2 Qd6 28.
Qa4 Qd3 29. Qc2 Qh3 30. Qe4 Rd8 31. Qf3 Qh4 32. a4 c4 33. Be4 h5 34. a5 Qe7 35.
Kh1 Qa3 36. h3 Nf6 37. Bxf5 exf5 38. Qc6 Qxc3 39. Re3 Qxe3 0-1

[Event "Tseshkovsky Mem 2014"]
[Site "Sochi RUS"]
[Date "2014.09.22"]
[Round "6.25"]
[White "Rjabzev, Konstantin"]
[Black "Sergeeva, Natalia"]
[Result "1-0"]
[WhiteTitle "IM"]
[WhiteElo "2306"]
[BlackElo "2088"]
[WhiteFideId "4150015"]
[BlackFideId "4117743"]
[EventDate "2014.09.17"]

1. e4 c5 2. Nf3 d6 3. Bb5+ Nd7 4. d4 Nf6 5. e5 Nd5 6. O-O a6 7. Bxd7+ Qxd7 8. c4
Nb6 9. dxc5 dxc5 10. Qb3 Qc6 11. Be3 Be6 12. Nbd2 h6 13. a4 g6 14. a5 Nd7 15. h4
Bg7 16. Bf4 O-O 17. Qe3 Kh7 18. b3 Rad8 19. Ne4 Bg4 20. Nh2 Be6 21. Nc3 Nb8 22.
Rad1 Qc7 23. Ne4 Nd7 24. Nf6+ Kh8 25. Nxd7 Rxd7 26. Rxd7 Qxd7 27. Bxh6 Qc7 28.
h5 Qxa5 29. Qg5 Kh7 30. hxg6+ Kg8 31. Bxg7 Kxg7 32. gxf7+ Kxf7 33. f4 Ke8 34. f5
Rg8 35. Qh5+ Bf7 36. Qf3 Rg5 37. e6 Bh5 38. Qxb7 Qd8 39. Qc6+ Kf8 40. Qxc5 Qd2
41. Qf2 Qxf2+ 42. Rxf2 Kg7 43. c5 Kf6 44. c6 Rg8 45. g4 Be8 46. Rc2 1-0

[Event "Tseshkovsky Mem 2014"]
[Site "Sochi RUS"]
[Date "2014.09.22"]
[Round "6.26"]
[White "Danielyan, Levon"]
[Black "Gubernatorov, Sergey"]
[Result "1/2-1/2"]
[BlackTitle "FM"]
[WhiteElo "2082"]
[BlackElo "2283"]
[WhiteFideId "24161497"]
[BlackFideId "4148215"]
[EventDate "2014.09.17"]

1. d4 Nf6 2. c4 g6 3. Nc3 d5 4. cxd5 Nxd5 5. e4 Nxc3 6. bxc3 Bg7 7. Qa4+ Nd7 8.
Nf3 O-O 9. Qa3 b6 10. Be3 Bb7 11. e5 c5 12. Be2 cxd4 13. cxd4 f6 14. Rd1 Bd5 15.
O-O fxe5 16. dxe5 e6 17. Ng5 Bxe5 18. Rxd5 exd5 19. Ne6 Qf6 20. Nxf8 Qxf8 21.
Qb3 Nf6 22. Bg5 Rd8 23. Rd1 Kg7 24. Bxf6+ Qxf6 25. Rxd5 Bd4 26. Bf3 Qe6 27. Kf1
Rxd5 1/2-1/2

[Event "Tseshkovsky Mem 2014"]
[Site "Sochi RUS"]
[Date "2014.09.22"]
[Round "6.28"]
[White "Yandarbiev, Ruslan"]
[Black "Kirillov, Nikolay"]
[Result "1-0"]
[WhiteTitle "IM"]
[WhiteElo "2355"]
[BlackElo "2087"]
[WhiteFideId "4115023"]
[BlackFideId "24133850"]
[EventDate "2014.09.17"]

1. e4 c6 2. d4 d5 3. e5 Bf5 4. Nf3 e6 5. Be2 h6 6. O-O Ne7 7. Nbd2 Nd7 8. c4
dxc4 9. Nxc4 Nd5 10. Qb3 N7b6 11. Na5 Qd7 12. Bd2 Be7 13. Rac1 O-O 14. h3 Rac8
15. a3 Rfd8 16. Rfd1 Rc7 17. Qa2 c5 18. Nb3 c4 19. Na5 Bd3 20. Bxd3 cxd3 21. Qb3
Rdc8 22. Rxc7 Rxc7 23. Qxd3 Na4 24. Rb1 b6 25. Nc4 b5 26. Ne3 Nab6 27. Ba5 Rc8
28. Bxb6 Nxb6 29. Qe4 a5 30. Rd1 Rd8 31. g3 b4 32. axb4 Bxb4 33. Kg2 Bf8 34. Rc1
Rc8 35. Rxc8 Qxc8 36. b3 Bb4 37. Qd3 Qd7 38. Qa6 Nd5 39. Qa8+ Kh7 40. Nxd5 exd5
41. Qa6 Qf5 42. Qb7 Qe6 43. Qc7 g6 44. Qd8 Kg7 45. g4 Bc3 46. Kg3 Bb4 47. Qc7
Kh7 48. Nh4 Kg7 49. Ng2 Bd2 50. Qc2 Bg5 51. f4 Bd8 52. Ne3 Qe7 53. Kg2 Qb4 54.
Qd3 Qe1 55. Nxd5 Bh4 56. Qe3 Qd1 57. Nf6 Qc2+ 58. Kf3 Qd1+ 59. Ke4 Qh1+ 60. Qf3
Qe1+ 61. Kd5 Qb4 62. Ne8+ Kf8 63. Nd6 Be7 64. Qd3 Bxd6 65. exd6 Qb7+ 66. Ke5 1-0

[Event "Tseshkovsky Mem 2014"]
[Site "Sochi RUS"]
[Date "2014.09.22"]
[Round "6.29"]
[White "Pushkov, Nikolai"]
[Black "Kiriushin, Vladimir"]
[Result "1-0"]
[WhiteTitle "GM"]
[WhiteElo "2315"]
[BlackElo "2080"]
[WhiteFideId "4117131"]
[BlackFideId "4150848"]
[EventDate "2014.09.17"]

1. d4 Nf6 2. c4 e6 3. Nf3 b6 4. a3 Bb7 5. Nc3 d5 6. cxd5 Nxd5 7. Qc2 c5 8. e4
Nc7 9. Be3 cxd4 10. Nxd4 Bc5 11. Rd1 Qe7 12. Ncb5 O-O 13. b4 Nxb5 14. bxc5 Nxd4
15. Bxd4 Nc6 16. Be3 Rfc8 17. Be2 Na5 18. Qa4 Bc6 19. Qb4 Nb7 20. cxb6 Qxb4+ 21.
axb4 axb6 22. f3 f5 23. Kf2 Ra4 24. Rb1 Kf8 25. Rhc1 Raa8 26. Ra1 Rxa1 27. Rxa1
Ke7 28. Ra7 Rc7 29. Bxb6 Rd7 30. Ra6 Kd6 31. Bd4 1-0

[Event "Tseshkovsky Mem 2014"]
[Site "Sochi RUS"]
[Date "2014.09.22"]
[Round "6.30"]
[White "Mishuchkov, Nikolai M."]
[Black "Borisov, Sergey"]
[Result "1-0"]
[WhiteTitle "IM"]
[WhiteElo "2311"]
[BlackElo "2014"]
[WhiteFideId "4102401"]
[BlackFideId "4169301"]
[EventDate "2014.09.17"]

1. Nf3 d5 2. d4 Nf6 3. c4 c6 4. Qc2 e6 5. g3 Bb4+ 6. Nbd2 Nbd7 7. Bg2 Ne4 8. a3
Nxd2 9. Bxd2 Bxd2+ 10. Nxd2 O-O 11. O-O e5 12. cxd5 cxd5 13. Qb3 exd4 14. Qxd5
Nf6 15. Qxd8 Rxd8 16. Ne4 Bg4 17. Nxf6+ gxf6 18. Rfe1 Rac8 19. Be4 Rc5 20. Bd3
Rdc8 21. Rad1 R8c7 22. Be4 Rd7 23. Rd2 Be6 24. Red1 f5 25. Bf3 Rc4 26. e3 d3 27.
Rxd3 Rxd3 28. Rxd3 Rc2 29. Bxb7 Rxb2 30. Bd5 Rb6 31. Bxe6 Rxe6 32. Rd4 Kg7 33.
Ra4 a6 34. Kg2 Kg6 35. Kf3 Kg5 36. h4+ Kg6 37. Kf4 h5 38. Rc4 Kf6 39. f3 Kg6 40.
Rc5 Rf6 41. a4 Rb6 42. a5 Rb4+ 43. e4 fxe4 44. fxe4 Rb1 45. Rc6+ f6 46. Rxa6
Rf1+ 47. Ke3 Re1+ 48. Kf3 1-0

[Event "Tseshkovsky Mem 2014"]
[Site "Sochi RUS"]
[Date "2014.09.22"]
[Round "6.31"]
[White "Airapetian, Eduard"]
[Black "Kruchev, Boris"]
[Result "0-1"]
[BlackTitle "FM"]
[WhiteElo "2041"]
[BlackElo "2310"]
[WhiteFideId "24171786"]
[BlackFideId "4179714"]
[EventDate "2014.09.17"]

1. e4 c5 2. b3 d6 3. f4 Nf6 4. Nc3 Nc6 5. Bb5 Bd7 6. a4 g6 7. Nf3 Bg7 8. Rb1 O-O
9. Qe2 Rc8 10. O-O Nd4 11. Nxd4 cxd4 12. Bxd7 Nxd7 13. Nb5 Rxc2 14. Nxa7 Qb6 15.
Nb5 d3+ 16. Qf2 Qxf2+ 17. Kxf2 Nc5 18. Ke3 f5 19. exf5 gxf5 20. Ba3 Ne4 21. Bb4
Nc5 22. Bxc5 Rxc5 23. Kxd3 e5 24. fxe5 dxe5 25. Rbc1 Rd5+ 26. Ke2 e4 27. Nc3 Rd3
28. g3 Bh6 29. Rc2 Kg7 30. b4 Kg6 31. a5 Rfd8 32. Rd1 e3 33. Na4 exd2 34. Nc5
Re3+ 35. Kf1 Re7 36. b5 Rc8 37. b6 Be3 38. a6 bxa6 39. b7 Rxb7 40. Nxb7 Rxc2 41.
Ke2 Rc1 42. Na5 Kf6 43. Nb3 Ke6 44. Nxd2 Rxd1 45. Kxd1 Bxd2 0-1

[Event "Tseshkovsky Mem 2014"]
[Site "Sochi RUS"]
[Date "2014.09.22"]
[Round "6.32"]
[White "Popov, Evgeny"]
[Black "Dashko, Andrey"]
[Result "1/2-1/2"]
[WhiteElo "2059"]
[BlackElo "2302"]
[WhiteFideId "34109380"]
[BlackFideId "4131371"]
[EventDate "2014.09.17"]

1. e4 c5 2. Nf3 g6 3. d4 cxd4 4. Nxd4 Bg7 5. Nc3 Nc6 6. Be3 Nf6 7. Nxc6 bxc6 8.
e5 Nd5 9. Nxd5 cxd5 10. Qxd5 Rb8 11. Bc4 O-O 12. O-O Qc7 13. f4 d6 14. exd6 exd6
15. Bb3 Be6 16. Qd2 Bxb2 17. Rad1 Rfd8 18. f5 Bc4 19. Rf3 d5 20. fxg6 hxg6 21.
Qf2 Be5 22. Bxa7 Rb7 23. Bd4 Bxd4 24. Qxd4 Re8 25. Rh3 Re5 26. Bxc4 dxc4 27. Rc3
Rc5 28. Re1 Qc6 29. Qd8+ Kg7 30. Qd4+ Qf6 31. Qxf6+ Kxf6 32. Re4 Rf5 33. h3 Rb1+
34. Kh2 Ra1 35. a3 Ra5 36. Rexc4 R5xa3 37. Rxa3 Rxa3 38. Rc6+ Kg5 39. c3 f5 40.
Kg3 Ra4 41. h4+ Kh5 42. c4 g5 43. hxg5 Kxg5 44. Rc8 Ra3+ 45. Kh2 Kf4 46. c5 Ke5
47. c6 Kd6 48. c7 Ra5 49. Kg3 Kd7 50. Rf8 Kxc7 51. Kf4 Ra2 52. g3 Rf2+ 53. Ke3
Rf1 54. Ke2 Ra1 55. Rxf5 Kd6 56. Rf4 Ra3 57. Kf2 Ke5 58. Kg2 Ra8 59. Rf3 Rg8 60.
Rf4 Rg7 61. Kf3 Rg6 62. g4 Rf6 1/2-1/2

[Event "Tseshkovsky Mem 2014"]
[Site "Sochi RUS"]
[Date "2014.09.22"]
[Round "6.33"]
[White "Tekeyev, Zaur"]
[Black "Bykov, Egor"]
[Result "0-1"]
[WhiteTitle "FM"]
[WhiteElo "2300"]
[BlackElo "2050"]
[WhiteFideId "4199731"]
[BlackFideId "34115290"]
[EventDate "2014.09.17"]

1. e4 e6 2. d4 d5 3. exd5 exd5 4. c4 Nf6 5. Nc3 dxc4 6. Bxc4 Bd6 7. Nf3 O-O 8.
O-O Nc6 9. h3 h6 10. a3 a6 11. Qd3 b5 12. Bb3 Ne7 13. Re1 c5 14. Qd1 c4 15. Ba2
Ned5 16. Ne5 Nxc3 17. bxc3 Bf5 18. Qf3 Bh7 19. Bf4 Nd7 20. a4 Bxe5 21. Bxe5 Nxe5
22. Rxe5 Bc2 23. Rae1 Qa5 24. Bxc4 Rac8 25. Bxf7+ Kh8 26. Re8 Qxa4 27. Bb3 Rcxe8
28. Rxe8 Qa1+ 29. Kh2 Rxe8 30. Bxc2 Qa3 31. Qf5 Qd6+ 32. g3 g6 33. Qg4 Qf6 34.
Kg2 Qc6+ 35. Kh2 Re1 36. d5 Qxd5 37. Qc8+ Kg7 38. Qc7+ Qf7 39. Qc5 Re2 40. Qd4+
Kh7 41. Bxg6+ Qxg6 42. Qd5 Re6 43. f4 Qf7 0-1

[Event "Tseshkovsky Mem 2014"]
[Site "Sochi RUS"]
[Date "2014.09.22"]
[Round "6.34"]
[White "Gutkis, Vladimir"]
[Black "Maksimov, Dmitri"]
[Result "0-1"]
[WhiteTitle "FM"]
[WhiteElo "2224"]
[BlackElo "2044"]
[WhiteFideId "4173325"]
[BlackFideId "24162477"]
[EventDate "2014.09.17"]

1. d4 Nf6 2. Nf3 c5 3. e3 g6 4. c3 Bg7 5. Nbd2 cxd4 6. exd4 O-O 7. Bc4 Nc6 8.
O-O d6 9. Re1 Qc7 10. Qe2 Bd7 11. Ne4 Nxe4 12. Qxe4 e5 13. dxe5 dxe5 14. Bg5 Bf5
15. Qh4 e4 16. Nd2 Ne5 17. Bb3 Nd3 18. Re3 Rfe8 19. g4 Bd7 20. Nxe4 Nxb2 21.
Rae1 Nc4 22. Nf6+ Bxf6 23. Bxf6 Nxe3 24. fxe3 Qc5 25. Bd4 Qe7 26. Qh6 Qf8 27.
Qg5 Re4 28. h3 Qd6 29. Qh6 Qg3+ 30. Kf1 Qf3+ 31. Kg1 Rxd4 32. exd4 Bc6 33. d5
Bxd5 34. Bxd5 Qxd5 35. Re2 Rd8 36. Qe3 a5 37. Qb6 Rd6 38. Qe3 Rf6 39. Rf2 Re6
40. Qf4 Re1+ 41. Kh2 g5 42. Qf3 Qxf3 43. Rxf3 Re2+ 44. Kg3 Rxa2 45. Rf5 h6 46.
Rb5 Ra3 47. Rxb7 Rxc3+ 48. Kg2 a4 49. Ra7 a3 50. Ra6 Kg7 51. Kh2 h5 52. gxh5 f5
53. Kg2 f4 54. Kf2 Kh7 55. Kg2 Rb3 56. Ra4 Kh6 57. h4 Kxh5 58. hxg5 Kxg5 59. Ra8
Kf5 60. Ra7 Ke4 61. Re7+ Kd3 0-1

[Event "Tseshkovsky Mem 2014"]
[Site "Sochi RUS"]
[Date "2014.09.22"]
[Round "6.35"]
[White "Kudrin, Oleg"]
[Black "Mednikov, Gennadiy"]
[Result "0-1"]
[WhiteElo "2022"]
[BlackElo "2117"]
[WhiteFideId "24132900"]
[BlackFideId "4150775"]
[EventDate "2014.09.17"]

1. e4 d5 2. exd5 Qxd5 3. Nc3 Qd6 4. d4 Nf6 5. Bc4 a6 6. a4 Nc6 7. Nge2 Bf5 8.
Bf4 Qb4 9. Bd3 Bxd3 10. Qxd3 O-O-O 11. Rd1 Kb8 12. O-O e5 13. Be3 Nxd4 14. Nxd4
exd4 15. Bxd4 Bd6 16. g3 Be5 17. Ne2 Bxd4 18. c3 Bxf2+ 19. Kxf2 Qb6+ 0-1

[Event "Tseshkovsky Mem 2014"]
[Site "Sochi RUS"]
[Date "2014.09.22"]
[Round "6.37"]
[White "Salamov, Khetag"]
[Black "Kudelya, Igor"]
[Result "0-1"]
[BlackTitle "FM"]
[WhiteElo "1947"]
[BlackElo "2312"]
[WhiteFideId "24178462"]
[BlackFideId "4177339"]
[EventDate "2014.09.17"]

1. e4 c5 2. Nc3 Nc6 3. g3 g6 4. d3 Bg7 5. Be3 d6 6. Qd2 Rb8 7. Bg2 b5 8. Nge2
Nd4 9. O-O e6 10. Nd1 b4 11. a3 a5 12. axb4 axb4 13. Nc1 b3 14. Bxd4 Bxd4 15.
Nxb3 Bg7 16. Rb1 Ne7 17. Ne3 O-O 18. f4 f5 19. Kh1 Bd7 20. exf5 gxf5 21. Nc4 Ba4
22. Nc1 Qc7 23. Re1 Bd7 24. c3 Nc6 25. Ne2 d5 26. Ne3 Qd6 27. Ng1 Rb3 28. Nf3
Rfb8 29. Nd1 d4 30. c4 Nb4 31. Nf2 Na2 32. Qc2 Qb6 33. Nd1 Nc3 34. Nd2 Nxd1 35.
Qxb3 Qxb3 36. Nxb3 Nf2+ 37. Kg1 Nxd3 38. Nxc5 Nxc5 39. Bf1 Rb3 40. Red1 d3 41.
Rd2 Bc6 42. Rbd1 Bd4+ 0-1